| Record ID | marc_loc_2016/BooksAll.2016.part01.utf8:231351196:870 |
| Source | Library of Congress |
| Download Link | /show-records/marc_loc_2016/BooksAll.2016.part01.utf8:231351196:870?format=raw |
LEADER: 00870cam a22002291 4500
001 02010717
003 DLC
005 20080223080356.0
008 800314s1902 ilua 000 1 eng
010 $a 02010717
035 $a(OCoLC)6082385
040 $aDLC$cOAdN$dOCoLC$dDLC
050 00 $aPZ3.P752$bG12$aPS2615
051 $aPZ3.P752$bG12 Copy 3$cProvenance: Gift of Jay I. Kislak Foundation.
100 1 $aPoe, Edgar Allan,$d1809-1849.
245 14 $aThe gold bug,$cby Edgar Allan Poe; ed. by Theda Gildemeister. Illustrated by G. C. Widney.
260 $aChicago,$aNew York [etc.]$bRand, McNally & Company$c[c1902]
300 $a111 p. incl. front. (port.)$billus., map.$c18 cm.
490 0 $aThe Canterbury classics
504 $a"A reading list": p. 106-111.
700 1 $aGildemeister, Theda,$eed.
710 2 $aJay I. Kislak Reference Collection (Library of Congress)$5DLC